[Event "IsBank TCh-TUR 2013"]
[Site "Denizli TUR"]
[Date "2013.06.29"]
[Round "1.6"]
[White "Sipahioglu,I"]
[Black "Uzunoglu,E"]
[Result "1/2-1/2"]
[WhiteElo "2126"]
[BlackElo "2053"]

1.d4 Nf6 2.c4 g6 3.Nc3 d5 4.cxd5 Nxd5 5.e4 Nxc3 6.bxc3 Bg7 7.Bc4 O-O 8.Ne2 c5
9.O-O Nc6 10.Be3 Bg4 11.f3 Na5 12.Bd3 cxd4 13.cxd4 Be6 14.d5 Bxa1 15.Qxa1 f6
16.Qb1 Bf7 17.Nd4 Rc8 18.Qb4 Kg7 19.Rd1 b6 20.Ba6 Rc5 21.Nb5 Rc4 22.Qd2 Qd7
23.Bh6+ Kg8 24.e5 fxe5 25.Qe2 Qf5 26.Bxf8 Rc2 27.Qe3 Kxf8 28.Nxa7 Rxa2 29.Bd3 Qf4
30.Qxb6 Qg5 31.Bf1 Kg7 32.Nc8 Nc4 33.Qb3 Qe3+ 34.Qxe3 Nxe3 35.Re1 Nxf1 36.Kxf1 Bxd5
37.Nxe7 Bc4+ 38.Kg1 Kf6 39.Nc6 Re2 40.Rxe2 Bxe2 41.Kf2 Bc4 42.Ke3 Bd5 43.Nb4 Bb7
44.Nd3 h6 45.Nf2 Kf5 46.Ng4 h5 47.Nf2 g5 48.h3 h4 49.Nd3 e4 50.Nc5 exf3 51.Nxb7 fxg2
52.Kf2 g4  1/2-1/2

[Event "HSC/De Legibus Open 2013"]
[Site "Helmond NED"]
[Date "2013.06.29"]
[Round "5.5"]
[White "Smit,M"]
[Black "Smith,T"]
[Result "0-1"]
[WhiteElo "2044"]
[BlackElo "2193"]

1.c4 Nf6 2.Nc3 d5 3.cxd5 Nxd5 4.d4 g6 5.e4 Nxc3 6.bxc3 Bg7 7.Bc4 c5 8.Ne2 Nc6
9.Be3 O-O 10.Rc1 Na5 11.Bd3 cxd4 12.cxd4 e6 13.Qd2 b6 14.h4 Bb7 15.h5 Rc8
16.f3 Rxc1+ 17.Qxc1 Qc8 18.Kf2 Qd7 19.Qd2 Rd8 20.Rd1 Qa4 21.e5 Nc4 22.Bxc4 Qxc4
23.Rc1 Qa6 24.Bg5 Rc8 25.Bf6 Bf8 26.hxg6 fxg6 27.Nf4 Bh6 28.Kg3 Ba8 29.Rh1 Bxf4+
30.Qxf4 Qb7 31.Qg5 Qf7 32.Rc1 Qd7 33.Rxc8+ Qxc8 34.Be7 Qe8 35.Qf6 Qf7 36.Qg5 Bd5
37.Bd6 Bxa2 38.Qd8+ Kg7 39.Qg5 Bd5 40.Be7 a5 41.Bf6+ Kg8 42.Qc1 Qe8 43.Qc7 Qf8
44.Qxb6 a4 45.Qa7 a3 46.Kf2 a2 47.Kg3 Bb3 48.Kf2 Bd5 49.Kg3  0-1

[Event "Karvina Open 2013"]
[Site "Karvina CZE"]
[Date "2013.06.29"]
[Round "1.20"]
[White "Lipus,D"]
[Black "Weissmann,L"]
[Result "0-1"]
[WhiteElo "1577"]
[BlackElo "2136"]

1.d4 Nf6 2.c4 g6 3.Nc3 d5 4.cxd5 Nxd5 5.e4 Nxc3 6.bxc3 Bg7 7.Bc4 c5 8.Be3 O-O
9.Ne2 Nc6 10.O-O Na5 11.Bd3 b6 12.Rc1 Qc7 13.f4 f5 14.exf5 Bxf5 15.Bxf5 Rxf5
16.Ng3 Rd5 17.Qg4 Qd7 18.Qxd7 Rxd7 19.f5 Nc4 20.Bf2 cxd4 21.cxd4 b5 22.fxg6 hxg6
23.Rfe1 Rad8 24.Ne2 Kf7 25.h4 Bh6 26.Rc3 Rd6 27.g4 Bd2 28.Rf3+ Rf6 29.Rxf6+ exf6
30.Rd1 Rd6 31.Ng3 Ra6 32.a3 Rxa3 33.Ne4 Bf4 34.d5 Nd6 35.Nc5 Bg3 36.Ne6 Bxf2+
37.Kxf2 Ne4+ 38.Kg2 Ke7 39.Kh2 Kd6 40.Nf4 g5 41.hxg5 Ra2+ 42.Kg1 fxg5 43.Nd3 Rd2
44.Rxd2 Nxd2 45.Kf2 Kxd5 46.Ke2 Nc4 47.Nb4+ Kc5 48.Na6+ Kd4 49.Nb8  0-1

[Event "9th Prague Festival Open A"]
[Site "Prague CZE"]
[Date "2013.06.29"]
[Round "8.3"]
[White "Pribyl,Jo"]
[Black "Postupa,P2"]
[Result "1-0"]
[WhiteElo "2318"]
[BlackElo "2229"]

1.d4 Nf6 2.c4 g6 3.Nc3 d5 4.cxd5 Nxd5 5.e4 Nxc3 6.bxc3 Bg7 7.Bc4 c5 8.Ne2 O-O
9.O-O Nc6 10.Be3 Qc7 11.Rc1 Rd8 12.Qd2 b6 13.f4 Bb7 14.Kh1 e6 15.f5 Ne5 16.Bb3 Ng4
17.Ng3 Nxe3 18.Qxe3 exf5 19.exf5 Bd5 20.f6 Bf8 21.c4 Re8 22.Qf2 Bc6 23.d5 Bd7
24.Rcd1 b5 25.d6 Bxd6 26.Qd2 Re6 27.Nf5 gxf5 28.Qg5+ Kf8 29.Rxf5 Ke8 30.cxb5 c4
31.Ba4 c3 32.Rff1 Bf8 33.b6 Bxa4 34.bxc7 c2 35.Qd5 cxd1=Q 36.Qxa8+ Kd7 37.c8=Q+ Kd6
38.Qxf8+ Ke5 39.Qc5+  1-0

[Event "22nd Anderssen Mem Eliminacje"]
[Site "Wroclaw POL"]
[Date "2013.06.29"]
[Round "4"]
[White "Karnas,L"]
[Black "Iwanow,A"]
[Result "0-1"]
[WhiteElo "1806"]
[BlackElo "2227"]

1.d4 Nf6 2.c4 g6 3.Nc3 d5 4.cxd5 Nxd5 5.e4 Nxc3 6.bxc3 Bg7 7.Bc4 c5 8.Be3 Nc6
9.Ne2 O-O 10.O-O Na5 11.Bd5 e6 12.Bb3 c4 13.Bc2 b6 14.Qc1 Bb7 15.f3 f5 16.Bh6 Rc8
17.Bxg7 Kxg7 18.e5 Nc6 19.Nf4 Qd7 20.Qa3 Rf7 21.Ba4 Qe7 22.Qb2 Rd8 23.Bb5 Na5
24.Qe2 Rc8 25.Qb2 a6 26.Ba4 b5 27.Bd1 Nc6 28.a3 Re8 29.Qd2 Qd7 30.Ra2 Rd8
31.Qe3 Ne7 32.Bc2 Kh8 33.Rb1  0-1

[Event "4th Kiryat Ono Open A"]
[Site "Kiryat Ono ISR"]
[Date "2013.06.30"]
[Round "1.12"]
[White "Aharonovich,Itamar"]
[Black "Kobo,Ori"]
[Result "1/2-1/2"]
[WhiteElo "1995"]
[BlackElo "2307"]

1.d4 Nf6 2.c4 g6 3.Nc3 d5 4.cxd5 Nxd5 5.e4 Nxc3 6.bxc3 Bg7 7.Nf3 c5 8.Rb1 O-O
9.Be2 b6 10.O-O e6 11.Bg5 Qc7 12.e5 Bb7 13.Qd2 Rc8 14.Rfc1 Nd7 15.h4 Be4
16.Ra1 Qb7 17.a4 a6 18.Qb2 Rc7 19.Ne1 Rac8 20.f3 Bd5 21.Nd3 b5 22.axb5 axb5
23.Be3 Bf8 24.Rab1 Rb8 25.dxc5 Nxc5 26.Nxc5 Bxc5 27.Bxc5 Rxc5 28.c4 bxc4
29.Qxb7 Rxb7 30.Rxb7 Bxb7 31.Rxc4 Rxe5 32.Rc7 Rxe2 33.Rxb7 Kg7 34.Kf1 Rc2
35.Ra7 Kf6 36.Rb7 Rd2 37.Ra7 h6 38.Rc7 h5 39.Ra7 e5 40.Rb7 Ke6 41.Ra7 f5
42.Ra6+ Rd6 43.Ra4 Rc6 44.Kf2 Kd5 45.Ra5+ Kd4 46.Ra4+ Kd3 47.Ra3+ Kd4 48.Ra4+ Rc4
49.Ra6 Kd3 50.Rd6+ Rd4 51.Rxg6 Rxh4 52.Rd6+ Rd4 53.Rf6 e4 54.Rxf5 e3+ 55.Ke1 h4
56.Ra5 Rb4 57.Rd5+ Kc4 58.Re5 Kd3 59.Rd5+ Kc4 60.Re5 Rb2 61.Rxe3 Rxg2 62.Re4+ Kd3
63.Rxh4 Ke3 64.Re4+ Kxf3  1/2-1/2

[Event "4th ch-Vojvodina Int"]
[Site "Novi Sad SRB"]
[Date "2013.06.30"]
[Round "5.18"]
[White "Kumic,F"]
[Black "Besedes,Danilo"]
[Result "1-0"]
[WhiteElo "2237"]
[BlackElo "1902"]

1.d4 Nf6 2.c4 g6 3.Nc3 d5 4.cxd5 Nxd5 5.e4 Nxc3 6.bxc3 Bg7 7.Be3 c5 8.Qd2 cxd4
9.cxd4 Nc6 10.Rd1 O-O 11.d5 Ne5 12.Bd4 f6 13.Nf3 Bg4 14.Be2 Qd7 15.Nxe5 fxe5
16.Bxg4 Qxg4 17.f3 Qd7 18.Be3 Rfc8 19.O-O b6 20.Rc1 Bf6 21.Qb4 Rxc1 22.Rxc1 Rc8
23.Rc4 Rxc4 24.Qxc4 Kg7 25.Kf2 g5 26.Qc6 Qd6 27.Qxd6 exd6 28.Ke2 Kf7 29.Kd3 Bd8
30.g3 Kg6 31.a4 a6 32.f4 gxf4 33.gxf4 exf4 34.Bxf4 Bc7 35.Kd4 Kf6 36.Bg3 Kf7
37.h4 Ke8 38.Kc4 Kf7 39.Kd4 Ke8 40.Be1 Kf7 41.Ke3 Bd8 42.Bg3 Bc7 43.Kf4 Bd8
44.Kf5 Bc7 45.Be1 Bb8 46.Bb4 Bc7 47.e5 b5 48.axb5 axb5 49.exd6 Bd8 50.d7 Be7  1-0

[Event "Visma IMA 2013"]
[Site "Vaxjo SWE"]
[Date "2013.06.30"]
[Round "9.1"]
[White "Carstensen,J"]
[Black "Von Bahr,O"]
[Result "1/2-1/2"]
[WhiteElo "2377"]
[BlackElo "2304"]

1.d4 Nf6 2.c4 g6 3.Nc3 d5 4.cxd5 Nxd5 5.e4 Nxc3 6.bxc3 Bg7 7.Bc4 c5 8.Ne2 Nc6
9.Be3 O-O 10.O-O Bg4 11.f3 Bd7 12.dxc5 Na5 13.Bb3 Bb5 14.Qxd8 Rfxd8 15.Kf2 e6
16.Rfd1 Nc4 17.Bxc4 Bxc4 18.a3 Bf8 19.Rab1 Ba6 20.h4 h5 21.Nf4 Rxd1 22.Rxd1 Rc8
23.Nd3 Bxd3 24.Rxd3 Bxc5 25.a4 a5 26.Bd4 Bxd4+ 27.cxd4 Rc4 28.d5 exd5 29.Rxd5 Rxa4
30.Rb5 Rb4 31.Rxa5 Rb2+ 32.Kg3 Kg7 33.Kf4 Rxg2  1/2-1/2

[Event "DC International"]
[Site "Arlington USA"]
[Date "2013.07.01"]
[Round "9.2"]
[White "Sarkar,J"]
[Black "Negi,P"]
[Result "0-1"]
[WhiteElo "2451"]
[BlackElo "2634"]

1.d4 Nf6 2.c4 g6 3.Nc3 d5 4.cxd5 Nxd5 5.e4 Nxc3 6.bxc3 Bg7 7.Bg5 c5 8.Rc1 O-O
9.Nf3 Bg4 10.d5 Qd6 11.Be2 e6 12.O-O exd5 13.exd5 Nd7 14.c4 Rfe8 15.h3 Bxf3
16.Bxf3 Bd4 17.Qd2 b6 18.Bd1 a6 19.Bf4 Be5 20.Bxe5 Rxe5 21.Ba4 b5 22.cxb5 Nb6
23.Qc2 Rxd5 24.Bb3 c4 25.Bxc4 Rc8 26.Qb3 Rxc4 27.Rxc4 Rxb5 28.Qc3 Nxc4 29.Qxc4 Rb2
30.Re1 Kg7 31.Qc3+ Qf6 32.Qxf6+ Kxf6 33.a4 a5 34.Rc1 Rb4 35.Rc6+ Ke7 36.Rc7+ Ke6
37.Rc6+ Kd7 38.Ra6 Rxa4 39.g4 h5 40.gxh5 gxh5 41.Kg2 h4 42.f4 f5 43.Kf3 Ra3+
44.Kg2 a4 45.Ra5 Ke6 46.Kf2 Kf6 47.Ra6+ Ke7 48.Ra5 Ke6 49.Re5+ Kf6 50.Ra5 Ra1
51.Ra6+ Ke7 52.Kg2 a3 53.Ra5 Ra2+ 54.Kf3 Ke6 55.Ra6+ Kd7 56.Ra5 Ra1 57.Kg2 a2
58.Ra6 Kc7 59.Ra7+ Kc6 60.Ra5 Kb6 61.Ra8 Kc5 62.Ra4 Kb5 63.Ra8 Kc4 64.Ra3 Kb4
65.Ra8 Kc3 66.Rc8+ Kd3 67.Rd8+ Ke3 68.Re8+ Kxf4 69.Ra8 Ke5 70.Kh2 f4 71.Ra4 Kd5
72.Ra8 Ke4 73.Ra3 Kd4 74.Ra8 Ke3 75.Ra3+ Ke2 76.Ra8 f3 77.Re8+ Kf1 78.Re2 Rd1
79.Rxa2 Rd7 80.Rb2 f2 81.Ra2 Ke1 82.Ra1+ Rd1 83.Rxd1+ Kxd1 84.Kg2 Ke2 85.Kh2 Kf3  0-1

[Event "41st TCh-GRE"]
[Site "Rio (Achaia) GRE"]
[Date "2013.07.02"]
[Round "1.2"]
[White "Argiroudis,S"]
[Black "Sidiropoulos,N2"]
[Result "1-0"]
[WhiteElo "2348"]
[BlackElo "1949"]

1.d4 Nf6 2.c4 g6 3.Nc3 d5 4.cxd5 Nxd5 5.e4 Nxc3 6.bxc3 Bg7 7.Qa4+ Qd7 8.Qa3 O-O
9.Nf3 b6 10.Be3 Bb7 11.Bd3 c5 12.O-O e5 13.d5 f5 14.Rfd1 f4 15.Bc1 g5 16.Bb2 Bf6
17.c4 Qg7 18.Ne1 g4 19.Bf1 Kh8 20.f3 Bc8 21.Rd3 Rg8 22.Qc3 g3 23.h3 Nd7 24.a4 a5
25.Rd2 Nf8 26.Qb3 Rb8 27.Bc3 Rb7 28.Qb2 Ng6 29.Nd3 Rd8 30.Ra3 Re8 31.Rb3 Bd8
32.Rd1 Rd7 33.Rxb6 Bxb6 34.Qxb6 Rb7 35.Qc6 Rg8 36.Nxc5 Rc7 37.Qb6 Bxh3 38.gxh3 g2
39.Be2 Qh6 40.Qf6+ Rcg7 41.h4 Qh5 42.Qg5 Qxg5 43.hxg5 h6 44.Ne6 Rh7 45.d6 hxg5
46.d7  1-0

[Event "ch-NOR 2013"]
[Site "Lillehammer NOR"]
[Date "2013.07.03"]
[Round "6.1"]
[White "Elsness,F"]
[Black "Hammer,J"]
[Result "1/2-1/2"]
[WhiteElo "2494"]
[BlackElo "2599"]

1.d4 Nf6 2.c4 g6 3.Nc3 d5 4.cxd5 Nxd5 5.e4 Nxc3 6.bxc3 Bg7 7.Qa4+ Qd7 8.Qb3 O-O
9.Nf3 b6 10.Bb5 c6 11.Bc4 c5 12.Ne5 Bxe5 13.dxe5 Nc6 14.Bd5 Nxe5 15.Bh6 c4
16.Qc2 Bb7 17.Bxb7 Nd3+ 18.Kf1 Qxb7 19.Bxf8 Rxf8 20.Qe2  1/2-1/2

[Event "11th Niki Open 2013"]
[Site "Nachod CZE"]
[Date "2013.07.03"]
[Round "5.16"]
[White "Nyvlt,O"]
[Black "Nemec,O"]
[Result "0-1"]
[WhiteElo "1995"]
[BlackElo "1884"]

1.c4 Nf6 2.Nc3 d5 3.cxd5 Nxd5 4.d4 g6 5.e4 Nxc3 6.bxc3 Bg7 7.Bc4 c5 8.Ne2 O-O
9.Rb1 Nc6 10.Be3 cxd4 11.cxd4 b6 12.O-O Bb7 13.Qd2 Rc8 14.Rfc1 Na5 15.Bd3 Qd7
16.d5 Rfd8 17.Qb4 Rxc1+ 18.Rxc1 Rc8 19.Rxc8+ Bxc8 20.Nd4 Bxd4 21.Qxd4 f6
22.Qc3 Kf7 23.Bc1 Bb7 24.Ba3 Qc8 25.Qb4 Qc7 26.f4 Bc8 27.g3 Nb7 28.Bc4 Qc5+
29.Qxc5 Nxc5 30.e5 fxe5 31.fxe5 Ba6 32.Bf1 Bxf1 33.Kxf1 Na6 34.d6 exd6 35.Bxd6 Ke6
36.Ke2 Nc5 37.Ke3 Kd5 38.h3 b5 39.Bc7 b4 40.Ba5 b3 41.axb3 Nxb3 42.Bc3 a5
43.Kd3 a4 44.e6 Nc5+ 45.Kc2 Kxe6 46.Kb2 Kf5 47.Ka3 Ke4 48.Kb4 Nd3+ 49.Kxa4 Kf3
50.g4 Kg3 51.Kb3 Kxh3 52.Kc4 Nf4 53.g5 Kg4  0-1

[Event "IsBank TCh-TUR 2013"]
[Site "Denizli TUR"]
[Date "2013.07.04"]
[Round "7.2"]
[White "Sanikidze,T"]
[Black "Popov,Iv RUS"]
[Result "1/2-1/2"]
[WhiteElo "2553"]
[BlackElo "2632"]

1.d4 Nf6 2.c4 g6 3.Nc3 d5 4.cxd5 Nxd5 5.e4 Nxc3 6.bxc3 Bg7 7.Qa4+ Nd7 8.Bg5 c5
9.Nf3 O-O 10.Be2 Nf6 11.Qc2 cxd4 12.cxd4 Bg4 13.Rd1 Rc8 14.Qb1 Qc7 15.O-O Qc2
16.Bd3 Qxb1 17.Rxb1 Rc3 18.Rfd1 b6 19.h3 Bxf3 20.gxf3 Rd8 21.Rbc1 Rdc8 22.Bb5  1/2-1/2

[Event "41st TCh-GRE"]
[Site "Rio (Achaia) GRE"]
[Date "2013.07.04"]
[Round "4.8"]
[White "Papadakis,Georgios D."]
[Black "Naoum,S"]
[Result "0-1"]
[WhiteElo "1558"]
[BlackElo "2207"]

1.d4 Nf6 2.c4 g6 3.Nc3 d5 4.cxd5 Nxd5 5.e4 Nxc3 6.bxc3 Bg7 7.Be3 c5 8.Bb5+ Bd7
9.Bxd7+ Nxd7 10.Ne2 cxd4 11.cxd4 Qa5+ 12.Bd2 Qa6 13.Bc3 O-O 14.O-O Rac8 15.Qd2 Rc4
16.Qb2 Nb6 17.Qd2 Na4 18.Bb4 Rd8 19.Bxe7 Re8 20.Qg5 Rc7 21.Bd6 Qxd6 22.Qb5 Qd7  0-1

[Event "6th ch-Cent SRB Int 2013"]
[Site "Paracin SRB"]
[Date "2013.07.05"]
[Round "1.11"]
[White "Livaja,M"]
[Black "Drenchev,P"]
[Result "0-1"]
[WhiteElo "2225"]
[BlackElo "2483"]

1.d4 Nf6 2.c4 g6 3.Nc3 d5 4.cxd5 Nxd5 5.e4 Nxc3 6.bxc3 Bg7 7.Bc4 c5 8.Ne2 Nc6
9.Be3 O-O 10.O-O Qc7 11.Qd2 Rd8 12.Rac1 b6 13.f3 Bb7 14.h4 e6 15.h5 Ne5 16.Bb3 Ba6
17.Bf4 Qd7 18.Rcd1 cxd4 19.cxd4 Qb5 20.Bxe5 Bxe5 21.Rfe1 Bg7 22.hxg6 hxg6
23.Qe3 Rac8 24.e5 Qb4 25.d5 exd5 26.e6 Qc5 27.Nd4 Re8 28.exf7+ Kxf7 29.Qf4+ Kg8
30.Rxe8+ Rxe8 31.Kh1 Re5 32.g3 Qc3 33.Kg2 Qb2+ 34.Rd2 Qc1 35.Rd1 Qb2+ 36.Rd2 g5
37.Rxb2 gxf4 38.gxf4 Rh5 39.Rd2 Bc4 40.Kg3 Kf7 41.Nc6 a5 42.Kg4 Rh1 43.Bxc4 dxc4
44.Ne5+ Bxe5 45.fxe5 b5 46.Kf5 c3 47.Rd7+ Ke8 48.Rc7 b4 49.Ke4 a4 50.Kd3 Rd1+
51.Ke3 b3 52.axb3 axb3  0-1

[Event "3rd SPAChess Open"]
[Site "Amsterdam NED"]
[Date "2013.07.06"]
[Round "1.5"]
[White "Miedema,D"]
[Black "Henseler,J"]
[Result "1-0"]
[WhiteElo "2394"]
[BlackElo "2103"]

1.d4 Nf6 2.c4 g6 3.Nc3 d5 4.cxd5 Nxd5 5.e4 Nxc3 6.bxc3 Bg7 7.Nf3 c5 8.Be3 O-O
9.Qd2 cxd4 10.cxd4 Bg4 11.Rc1 Bxf3 12.gxf3 e6 13.Bg2 Nc6 14.d5 exd5 15.exd5 Ne5
16.O-O Qd7 17.d6 Rac8 18.Qd5 b5 19.Bg5 Nc4 20.Be7 Rfe8 21.f4 Bf8 22.Qb7 Qxb7
23.Bxb7 Rb8 24.Bc6 Bxe7 25.Bxe8 Rxe8 26.dxe7 Rxe7 27.Rfe1 Kf8 28.f5 f6 29.Rxe7 Kxe7
30.Rc3 g5 31.Rh3 a5 32.Rxh7+ Kd6 33.Rb7 b4 34.f4 g4 35.Kf2 Kd5 36.Kg3 Ne3
37.Rb5+  1-0

[Event "Styrian Open A 2013"]
[Site "Bad Gleichenberg AUT"]
[Date "2013.07.06"]
[Round "1.8"]
[White "Hofmann,T"]
[Black "Schreiner,Pe"]
[Result "0-1"]
[WhiteElo "2125"]
[BlackElo "2447"]

1.d4 Nf6 2.c4 g6 3.Nc3 d5 4.cxd5 Nxd5 5.e4 Nxc3 6.bxc3 Bg7 7.Nf3 c5 8.Rb1 O-O
9.Be2 b6 10.O-O Qc7 11.Qd3 Ba6 12.Qe3 Bxe2 13.Qxe2 Nd7 14.e5 e6 15.Ng5 Rac8
16.Ba3 Qc6 17.Ne4 Qa4 18.Rb3 Rfd8 19.Nd6 Rc6 20.Bc1 cxd4 21.Ra3 d3 22.Qf3 Nxe5  0-1

[Event "33rd Benasque Open"]
[Site "Benasque ESP"]
[Date "2013.07.06"]
[Round "3.3"]
[White "Komljenovic,D"]
[Black "Ni Hua"]
[Result "0-1"]
[WhiteElo "2408"]
[BlackElo "2661"]

1.d4 Nf6 2.c4 g6 3.Nc3 d5 4.cxd5 Nxd5 5.e4 Nxc3 6.bxc3 Bg7 7.Be3 c5 8.Qd2 O-O
9.Nf3 Bg4 10.Rc1 cxd4 11.cxd4 Nc6 12.d5 Bxf3 13.gxf3 Ne5 14.Be2 Qd7 15.Bh6 Qh3
16.Bxg7 Nxf3+ 17.Bxf3 Qxf3 18.O-O Kxg7 19.Qd4+ Kg8 20.Rc3 Qg4+ 21.Kh1 Rfc8
22.Rfc1 Rxc3 23.Rxc3 Qf4 24.Kg2 Rd8 25.Rf3 Qb8 26.h4 f6 27.h5 Kg7 28.Re3 Qf4
29.hxg6 hxg6 30.Rf3 Qg4+ 31.Rg3 Qe2 32.a4 Rh8 33.Qb4 Kf7 34.d6 Qh5 35.Qb3+ Kg7
36.Kf1 Rc8 37.Kg2 Rc1  0-1

[Event "IsBank TCh-TUR 2013"]
[Site "Denizli TUR"]
[Date "2013.07.06"]
[Round "8.9"]
[White "Ozen,Bahadir"]
[Black "Saba,Zafer Rabin"]
[Result "1/2-1/2"]
[WhiteElo "1927"]
[BlackElo "1846"]

1.d4 Nf6 2.c4 g6 3.Nc3 d5 4.cxd5 Nxd5 5.e4 Nxc3 6.bxc3 Bg7 7.Bc4 c5 8.Ne2 Nc6
9.Be3 O-O 10.O-O Bg4 11.f3 cxd4 12.cxd4 Na5 13.Bd3 Be6 14.d5 Bxa1 15.Qxa1 f6
16.Bh6 Re8 17.Qd4 Bd7 18.Rb1 e5 19.Qf2 Qe7 20.f4 Rac8 21.fxe5 fxe5 22.Rf1 Rf8
23.Bxf8 Rxf8 24.Qxa7 Rxf1+ 25.Kxf1 Qf8+ 26.Kg1 Qa3 27.Qb8+ Kf7 28.Qc7 Qxd3
29.Qxd7+ Kf8 30.Qd6+ Kf7 31.Qe6+ Kf8 32.Qf6+ Kg8 33.Qd8+ Kf7 34.Qd7+ Kf8
35.Qd6+ Kf7 36.Qe6+ Kf8 37.Kf2 Nc4 38.Qf6+ Kg8 39.Qf3 Qb1 40.Qb3 Qxe4 41.Qxb7 Qh4+
42.g3 Qxh2+ 43.Ke1 Qh1+  1/2-1/2

[Event "IsBank TCh-TUR 2013"]
[Site "Denizli TUR"]
[Date "2013.07.06"]
[Round "9.1"]
[White "Berkes,F"]
[Black "Mchedlishvili,M"]
[Result "1/2-1/2"]
[WhiteElo "2687"]
[BlackElo "2637"]

1.d4 Nf6 2.c4 g6 3.Nc3 d5 4.cxd5 Nxd5 5.e4 Nxc3 6.bxc3 Bg7 7.Bc4 c5 8.Ne2 O-O
9.O-O Nc6 10.Be3 Bg4 11.f3 Bd7 12.Rb1 Qc7 13.Qd2 Rfd8 14.Rfc1 a6 15.Bf4 Qc8
16.Bg5 Be8 17.Bd3 b5 18.Kh1 Rd7 19.a4 bxa4  1/2-1/2

[Event "Karvina Open 2013"]
[Site "Karvina CZE"]
[Date "2013.07.06"]
[Round "8.19"]
[White "Kubiniok,Stanislaw"]
[Black "Reznicek,M"]
[Result "0-1"]
[WhiteElo "1563"]
[BlackElo "2112"]

1.d4 Nf6 2.c4 g6 3.Nc3 d5 4.cxd5 Nxd5 5.e4 Nxc3 6.bxc3 Bg7 7.Nf3 c5 8.Bc4 Nc6
9.Be3 O-O 10.O-O cxd4 11.Nxd4 Ne5 12.Bb3 Bd7 13.Qc2 Rc8 14.Rac1 Qc7 15.c4 Ng4
16.Nf3 Nxe3 17.fxe3 Qc5 18.Rfe1 Bh6 19.Kf2 a5 20.a4 Be6 21.Nd4 Rc7 22.Qe2 Qe5
23.Qc2 Bc8 24.Nf3 Qc5 25.h4 Rd8 26.g4 Bxg4 27.Qe2 Rcd7 28.Kg3 Bh5 29.Qf2 Rd3
30.Rf1 Rxb3 31.Ng5 Qxe3+ 32.Qxe3 Rxe3+ 33.Kf4 Bxg5+ 34.hxg5 Rdd3 35.c5 f6
36.gxf6 exf6 37.e5 Rxe5 38.c6 Rd4+ 39.Kg3 Re3+ 40.Kf2 Re2+ 41.Kg3 bxc6 42.Rxf6 Kg7
43.Rfxc6 Rd3+ 44.Kf4 Rf3+  0-1

[Event "2nd Arberopen 2013"]
[Site "Bayerisch Eisenstein GER"]
[Date "2013.07.07"]
[Round "9.3"]
[White "Vrublevskaya,O"]
[Black "Jansa,Vl"]
[Result "0-1"]
[WhiteElo "2156"]
[BlackElo "2439"]

1.d4 Nf6 2.c4 g6 3.Nc3 d5 4.cxd5 Nxd5 5.e4 Nxc3 6.bxc3 Bg7 7.Qa4+ Nd7 8.Nf3 O-O
9.Be2 c5 10.O-O Qc7 11.Bg5 e6 12.Qa3 b6 13.Ba6 Bb7 14.Bxb7 Qxb7 15.Rfe1 Rfc8
16.Rad1 cxd4 17.cxd4 Rc2 18.Rd2 Rac8 19.Rxc2 Rxc2 20.h3 h6 21.Bf4 b5 22.Qe7 Qc8
23.d5 Qc5 24.Qe8+ Bf8 25.Be3 Qe7 26.Qxe7 Bxe7 27.dxe6 fxe6 28.Rc1 Rxa2 29.g3 Nf6
30.Rc8+ Bf8 31.Bxh6 Nd7 32.Ng5 Ra6 33.Re8 b4 34.Bxf8 Nxf8 35.Rb8 Rb6 36.Rxb6 axb6
37.e5 Nd7 38.f4 Nc5 39.Nf3 Ne4 40.Nd4 Nxg3 41.Kf2 Nf5 42.Nb3 Kg7 43.Kf3 Kh6
44.Kg4 Ne7 45.Nd4 Nc6 46.Ne2 b3 47.Nc3 Nd4 48.Kg3 b2 49.Kf2 Nc2  0-1

[Event "Commonwealth & RSA Open"]
[Site "Port Elizabeth RSA"]
[Date "2013.07.07"]
[Round "2.48"]
[White "Kolver,Chris"]
[Black "Dias,Vanderson"]
[Result "1/2-1/2"]
[WhiteElo "1619"]
[BlackElo "2012"]

1.d4 Nf6 2.c4 g6 3.Nc3 d5 4.cxd5 Nxd5 5.e4 Nxc3 6.bxc3 Bg7 7.Rb1 O-O 8.Nf3 c5
9.Be2 Nc6 10.Be3 cxd4 11.cxd4 Qa5+ 12.Bd2 Qd8 13.Be3 Qa5+ 14.Bd2 Qd8 15.Be3 Qa5+
16.Bd2 Qd8  1/2-1/2

[Event "Commonwealth & RSA Open"]
[Site "Port Elizabeth RSA"]
[Date "2013.07.07"]
[Round "3.23"]
[White "Gluckman,D"]
[Black "James,Michael"]
[Result "1/2-1/2"]
[WhiteElo "2250"]
[BlackElo "1896"]

1.d4 Nf6 2.c4 g6 3.Nc3 d5 4.cxd5 Nxd5 5.e4 Nxc3 6.bxc3 Bg7 7.Nf3 O-O 8.Rb1 c5
9.Be2 Nc6 10.d5 Bxc3+ 11.Bd2 Bxd2+ 12.Qxd2 Nd4 13.Nxd4 cxd4 14.Qxd4 e6 15.d6 Qa5+
16.Qd2 Qxd2+ 17.Kxd2 e5 18.Ke3 Rd8 19.Rhd1 Be6 20.Rxb7 Bxa2 21.Rb5 f6 22.Ra5 Be6
23.f3 Rab8 24.Rxa7 Rb3+ 25.Kf2 Rb6 26.Ra6 Rxa6 27.Bxa6 Kf7 28.Bb5 Bd7 29.Bc4+ Be6
30.Be2 Rb8 31.Rc1 Ke8 32.Rc7 Bd7 33.Bc4 Rb6 34.Ra7 Rxd6 35.Ra8+ Ke7 36.Rg8 Be6
37.Bxe6 Kxe6 38.g4  1/2-1/2

[Event "IsBank TCh-TUR 2013"]
[Site "Denizli TUR"]
[Date "2013.07.08"]
[Round "11.4"]
[White "Mollov,E"]
[Black "Firat,B"]
[Result "1/2-1/2"]
[WhiteElo "2383"]
[BlackElo "2414"]

1.d4 Nf6 2.c4 g6 3.Nc3 d5 4.cxd5 Nxd5 5.e4 Nxc3 6.bxc3 Bg7 7.Be3 c5 8.Qd2 Qa5
9.Rc1 cxd4 10.cxd4 Nc6 11.d5 Qxd2+ 12.Bxd2 Nd4 13.Ne2 Bd7 14.Nxd4 Bxd4 15.Bd3 O-O
16.Ke2 f5 17.Be3 fxe4 18.Bxe4 Bb5+ 19.Kd2 Bb6 20.f3 Rfd8 21.Bg5 Rd7 22.Kc3 Rc8+
23.Kb4 Rxc1 24.Rxc1 Be2 25.h4 Bc7 26.Be3 Bd6+ 27.Kb3 b5 28.Rc8+ Kf7 29.Bd4 Bc4+
30.Kb2 e5 31.Bc3 Bf8 32.Ra8 Bxd5 33.Bxd5+ Rxd5 34.Rxa7+ Ke6 35.Ra6+ Rd6 36.Ra8 Be7
37.Bb4 Rd4 38.Ra6+ Kf7 39.Bxe7 Kxe7 40.Ra7+ Kf6 41.g4 h5 42.Ra6+ Kf7 43.Ra7+ Kf6
44.Ra6+  1/2-1/2

[Event "Commonwealth & RSA Open"]
[Site "Port Elizabeth RSA"]
[Date "2013.07.08"]
[Round "4.4"]
[White "Oatlhotse,P"]
[Black "Gupta,Ab"]
[Result "0-1"]
[WhiteElo "2204"]
[BlackElo "2583"]

1.d4 Nf6 2.c4 g6 3.Nc3 d5 4.cxd5 Nxd5 5.e4 Nxc3 6.bxc3 Bg7 7.Bb5+ c6 8.Bc4 O-O
9.Ne2 c5 10.O-O Nc6 11.Be3 Bd7 12.Rb1 Qc7 13.Qd2 Rfd8 14.Bf4 Qc8 15.Rbc1 Be8
16.Bh6 Bh8 17.Qg5 cxd4 18.cxd4 Qd7 19.e5 e6 20.Bb5 Rac8 21.Bxc6 Rxc6 22.Rxc6 bxc6
23.Rb1 Rc8 24.h4 c5 25.dxc5 Qd5 26.Qe7 Bc6 27.Nf4 Qxe5 28.Rd1 Bf6 29.Qxa7 Ba8
30.Qa6 Qc7 31.Qb6 Qxb6 32.cxb6 Bd8 33.Rb1 Rb8 34.Nd3 Rxb6 35.Rc1 Bb7 36.Ne5 f6
37.Rd1 Bd5 38.Nc4 Rb8 39.Ne3 Bxa2 40.Rd7 e5 41.Rg7+ Kh8 42.Rd7 Be6 43.Rd6 Bb3
44.Rd7 Be6 45.Rd6 Bf7 46.Ng4 e4 47.Rd7 Kg8 48.Bf4 Be6 49.Nh6+ Kf8 50.Rxh7 Rb1+
51.Kh2 Be7 52.g4 Rb2 53.Be3 Rb7 54.Kg2 Rd7 55.Bf4 Bc5 56.Rxd7 Bxd7 57.g5 f5
58.Kg3 Be6 59.Be3 Be7 60.Bd2 Bd6+ 61.Kg2  0-1

[Event "ch-BEL Open 2013"]
[Site "Antwerp BEL"]
[Date "2013.07.09"]
[Round "4.30"]
[White "Willockx,R"]
[Black "Verhasselt,Karsten"]
[Result "0-1"]
[WhiteElo "1965"]
[BlackElo "1795"]

1.d4 Nf6 2.c4 g6 3.Nc3 d5 4.cxd5 Nxd5 5.e4 Nxc3 6.bxc3 Bg7 7.Bc4 O-O 8.Ne2 c5
9.O-O Nc6 10.Be3 Na5 11.Bd5 e6 12.Bb3 cxd4 13.cxd4 b6 14.Qd3 Bb7 15.Rac1 Qe7
16.f3 Rac8 17.Rxc8 Rxc8 18.Rc1 Rxc1+ 19.Bxc1 Qd7 20.Be3 Bc6 21.Nc3 b5 22.Ne2 b4
23.Kf2 Bb5 24.Qd2 Nxb3 25.axb3 a5 26.d5 Bf8 27.dxe6 fxe6 28.Qxd7 Bxd7 29.Bb6 a4
30.bxa4 Bxa4 31.Bd4 Kf7 32.Ke1 Ke8 33.Bb2 Kd7 34.Nf4 Bd6 35.e5 Be7 36.Ne2 Kc6
37.Nc1 Kd5 38.f4 Bc5 39.Nd3 Be7 40.Nc1 Ke4 41.g3 Bc5 42.Ke2 Bb5+ 43.Kd1 Bc4
44.Kc2 Bg1  0-1

[Event "Styrian Open A 2013"]
[Site "Bad Gleichenberg AUT"]
[Date "2013.07.09"]
[Round "4.4"]
[White "Schnider,G"]
[Black "Chatalbashev,B"]
[Result "0-1"]
[WhiteElo "2353"]
[BlackElo "2560"]

1.d4 Nf6 2.c4 g6 3.Nc3 d5 4.cxd5 Nxd5 5.e4 Nxc3 6.bxc3 Bg7 7.Be3 c5 8.Qd2 O-O
9.Nf3 Qa5 10.Rc1 cxd4 11.cxd4 Qxd2+ 12.Bxd2 Bg4 13.Rc7 Bxf3 14.gxf3 Bxd4
15.Rxe7 Nc6 16.Rxb7 Rab8 17.Rb3 Rfd8 18.Bb5 Bxf2+ 19.Kxf2 Rxd2+ 20.Be2 Rbd8
21.Ke3 Rxa2 22.Rc3 Nd4 23.Bc4 Rg2 24.Bd5 Nf5+ 25.Kf4 Ne7 26.Bb3 g5+ 27.Ke5 Ng6+
28.Kf5 Kg7 29.e5 Rd4  0-1

[Event "V4 Int Open ch-SVK 2013"]
[Site "Banska Stiavnica SVK"]
[Date "2013.07.09"]
[Round "4.79"]
[White "Ferkova,Dominika"]
[Black "Holeczy,Ma"]
[Result "0-1"]
[WhiteElo "1603"]
[BlackElo "2015"]

1.d4 Nf6 2.c4 g6 3.Nc3 d5 4.cxd5 Nxd5 5.e4 Nxc3 6.bxc3 Bg7 7.Be3 O-O 8.Bc4 c5
9.Ne2 Nc6 10.O-O Qc7 11.Rc1 e6 12.Bf4 Qe7 13.d5 Rd8 14.Bb3 Na5 15.c4 e5 16.Be3 b6
17.Qc2 f5 18.Bd2 Nb7 19.Ba4 Nd6 20.Bc6 Rb8 21.Nc3 Nxc4 22.f3 Qf6 23.Rcd1 Nxd2
24.Rxd2 a6 25.Na4 Bh6 26.Rd3 Qd6 27.Rb1 c4 28.Qxc4 b5 29.Qb4 Bf8 30.Qxd6 Bxd6
31.Nc3 b4 32.Na4 a5 33.Rdb3 Ba6 34.Rc1 fxe4 35.fxe4 Rf8 36.Rf3 Be2 37.Rxf8+ Rxf8
38.h3 Bd3 39.Nc5 Rf1+ 40.Rxf1 Bxc5+ 41.Rf2 Bxf2+ 42.Kxf2 Bxe4 43.g4 Kf8 44.Ke3 Bb1
45.d6 Bxa2 46.Ke4 Bb3 47.Kxe5 Kf7 48.g5 a4 49.Bd5+ Bxd5 50.Kxd5 Ke8 51.Kc4 b3
52.Kc3 Kd7  0-1

[Event "36th Barbera Open"]
[Site "Barbera del Valles ESP"]
[Date "2013.07.09"]
[Round "6.3"]
[White "Pulvett,D"]
[Black "Flores Rios,M"]
[Result "1/2-1/2"]
[WhiteElo "2405"]
[BlackElo "2492"]

1.d4 Nf6 2.c4 g6 3.Nc3 d5 4.cxd5 Nxd5 5.e4 Nxc3 6.bxc3 Bg7 7.Nf3 O-O 8.Rb1 c5
9.Be2 cxd4 10.cxd4 Qa5+ 11.Bd2 Qxa2 12.O-O Bg4 13.Rxb7 Bxf3 14.Bxf3 Bxd4
15.e5 Na6 16.Rxe7 Rad8 17.Qe2 Bc5 18.Bg5 Qxe2 19.Bxe2 Bxe7 20.Bxe7 Nc7 21.Bxd8 Rxd8
22.Ra1 Rd5 23.Rxa7 Rxe5 24.Rxc7 Rxe2 25.g3 Kg7 26.Kf1 Re6 27.Kg2 Rf6 28.Rd7 Re6
29.Rc7 Rf6 30.Rd7 Re6  1/2-1/2